[Event "CRO-chT U20 26th"]
[Site "Sv Filip i Jakov"]
[Date "2018.04.08"]
[Round "11.2"]
[White "Dabic, Stjepan"]
[Black "Jankovic, Antonio"]
[Result "1-0"]
[WhiteElo "2012"]
[BlackElo "1792"]
[PlyCount "107"]
[EventDate "2018.04.03"]
[EventType "team-swiss"]
[EventRounds "11"]
[EventCountry "CRO"]
[SourceTitle "CBM 184 Extra"]
[Source "ChessBase"]
[SourceDate "2018.06.28"]
[SourceVersion "1"]
[SourceVersionDate "2018.06.28"]
[SourceQuality "1"]

1. d4 d5 2. c4 e6 3. Nc3 Nf6 4. cxd5 exd5 5. Bg5 Be7 6. e3 Nbd7 7. Bd3 0-0 8. Nge2 Re8 9. 0-0 Nf8 10. Qc2 g6 11. Rad1 Ne6 12. Bh4 Ng7 13. Bg3 c6 14. Rfe1 Bf5 15. f3 Bxd3 16. Qxd3 Nf5 17. Bf2 Qa5 18. e4 Ng7 19. h3 Rad8 20. Qc2 Ngh5 21. e5 Nd7 22. g4 Ng7 23. f4 f6 24. Nc1 fxe5 25. fxe5 Ne6 26. Be3 Bf8 27. Nb3 Qc7 28. Rc1 Rc8 29. Qf2 Qd8 30. Rf1 Qe7 31. Ne2 Bg7 32. Qg2 Rf8 33. Nc3 Nb6 34. Nd2 c5 35. Nxd5 Nxd5 36. Qxd5 cxd4 37. Bg5 Qxg5 38. Qxe6+ Kh8 39. Rxc8 Qe3+ 40. Kg2 Qxd2+ 41. Kh1 Qh6 42. Rfxf8+ Bxf8 43. Qf6+ Kg8 44. Qf3 Qg7 45. Qd5+ Qf7 46. Rd8 Qxd5+ 47. Rxd5 Bg7 48. Rxd4 Bxe5 49. Rd8+ Kg7 50. Rd7+ Kh6 51. Rxb7 Bd4 52. b4 g5 53. b5 Kg6 54. a4 1-0

[Event "CRO-chT U20 26th"]
[Site "Sv Filip i Jakov"]
[Date "2018.04.07"]
[Round "10.22"]
[White "Jankovic, Antonio"]
[Black "Makovec, Bruno"]
[Result "0-1"]
[WhiteElo "1792"]
[BlackElo "2313"]
[PlyCount "95"]
[EventDate "2018.04.03"]
[EventType "team-swiss"]
[EventRounds "11"]
[EventCountry "CRO"]
[SourceTitle "CBM 184 Extra"]
[Source "ChessBase"]
[SourceDate "2018.06.28"]
[SourceVersion "1"]
[SourceVersionDate "2018.06.28"]
[SourceQuality "1"]

1. d4 c5 2. Nf3 cxd4 3. Nxd4 d5 4. Nc3 Nc6 5. g3 e5 6. Nxc6 bxc6 7. Bg2 Nf6 8. Bg5 Be7 9. 0-0 0-0 10. e3 Be6 11. Ne2 Qb6 12. Rb1 Rad8 13. Qc1 Rfe8 14. Rd1 c5 15. b3 d4 16. c4 Bf5 17. Bxf6 Qxf6 18. e4 Bg4 19. Rd2 Qh6 20. Qe1 Bg5 21. Rd3 f5 22. h4 Be7 23. Nc1 f4 24. Bf3 Bc8 25. Qe2 Qg6 26. Bh5 Qh6 27. Bxe8 Rxe8 28. h5 Qg5 29. f3 fxg3 30. Qg2 g6 31. hxg6 h5 32. Ne2 h4 33. Kf1 Rf8 34. Ng1 Qxg6 35. Ke2 Qe6 36. Rf1 Rf7 37. Kd2 Rg7 38. Ne2 Bg5+ 39. f4 exf4 40. Nxf4 Qe5 41. Rdf3 Rf7 42. Kd3 Bxf4 43. a3 h3 44. Qb2 g2 45. Rg1 Qg5 46. Qf2 Be6 47. Re1 Be3 48. Rg3 0-1

[Event "CRO-chT U20 26th"]
[Site "Sv Filip i Jakov"]
[Date "2018.04.07"]
[Round "9.6"]
[White "Smetisko, Josip"]
[Black "Jankovic, Antonio"]
[Result "0-1"]
[WhiteElo "1880"]
[BlackElo "1792"]
[PlyCount "106"]
[EventDate "2018.04.03"]
[EventType "team-swiss"]
[EventRounds "11"]
[EventCountry "CRO"]
[SourceTitle "CBM 184 Extra"]
[Source "ChessBase"]
[SourceDate "2018.06.28"]
[SourceVersion "1"]
[SourceVersionDate "2018.06.28"]
[SourceQuality "1"]

1. e4 e5 2. Nf3 Nc6 3. Be2 Nf6 4. d3 Bc5 5. 0-0 0-0 6. Nbd2 d5 7. c3 d4 8. c4 a5 9. a4 h6 10. Nh4 Be7 11. g3 Nd7 12. Nf5 Nc5 13. Nxe7+ Qxe7 14. f4 exf4 15. Rxf4 Ne5 16. Nb3 Ne6 17. Rf1 Bd7 18. Bf4 Ng6 19. Qe1 b6 20. Qf2 Rad8 21. Rfc1 Bc6 22. Bd1 Qb4 23. Bd2 Qe7 24. Ra2 Ne5 25. Qf1 Qd7 26. Na1 Nc5 27. Bc2 Bxa4 28. Bxa4 Nxa4 29. Bf4 Rfe8 30. Nb3 Ra8 31. Rca1 Nc5 32. Nxc5 bxc5 33. Rxa5 Rxa5 34. Rxa5 g5 35. Bxe5 Rxe5 36. Qf6 Re6 37. Qf5 Qe7 38. Qxc5 Qf6 39. Kg2 g4 40. Qf5 Qxf5 41. Rxf5 Rb6 42. Rb5 Rxb5 43. cxb5 Kf8 44. Kf2 Ke7 45. Ke2 Kd6 46. b4 c5 47. bxc5+ Kxc5 48. b6 Kxb6 49. Kd2 Ka5 50. Kc1 f6 51. Kb1 Kb4 52. Kb2 h5 53. Kc2 Ka3 0-1

[Event "CRO-chT U20 26th"]
[Site "Sv Filip i Jakov"]
[Date "2018.04.04"]
[Round "4.10"]
[White "Jankovic, Antonio"]
[Black "Muha, Miljenko"]
[Result "0-1"]
[WhiteElo "1792"]
[BlackElo "2395"]
[PlyCount "72"]
[EventDate "2018.04.03"]
[EventType "team-swiss"]
[EventRounds "11"]
[EventCountry "CRO"]
[SourceTitle "CBM 184 Extra"]
[Source "ChessBase"]
[SourceDate "2018.06.28"]
[SourceVersion "1"]
[SourceVersionDate "2018.06.28"]
[SourceQuality "1"]

1. d4 Nf6 2. c4 g6 3. Nf3 Bg7 4. Nc3 d5 5. Bf4 0-0 6. h4 c5 7. e3 Nc6 8. dxc5 Qa5 9. Rc1 Rd8 10. Qb3 Qxc5 11. Be2 a6 12. Bc7 Nd4 13. Qb6 Qxb6 14. Bxb6 Nxe2 15. Kxe2 Re8 16. cxd5 Bg4 17. Rhd1 Nd7 18. Bd4 Ne5 19. Ne4 Rad8 20. Bb6 Rc8 21. Bc7 Nc6 22. d6 f5 23. Nf6+ Bxf6 24. d7 e5 25. dxe8Q+ Rxe8 26. Rd6 Be7 27. Rd7 e4 28. Bg3 Bf6 29. Rd2 Be5 30. Bxe5 Nxe5 31. Rc7 exf3+ 32. gxf3 Bxf3+ 33. Kf1 Bc6 34. a4 a5 35. f4 Nc4 36. Rh2 Nxe3+ 0-1

[Event "CRO-chT U16"]
[Site "Nasice"]
[Date "2017.12.29"]
[Round "6"]
[White "Jankovic, Antonio"]
[Black "Drempetic, Mario"]
[Result "1-0"]
[WhiteElo "1755"]
[BlackElo "1716"]
[PlyCount "65"]
[EventDate "2017.12.27"]
[EventType "team-tourn"]
[EventRounds "7"]
[EventCountry "CRO"]
[SourceTitle "EXT 2019"]
[Source "ChessBase"]
[SourceDate "2018.10.10"]
[SourceVersion "1"]
[SourceVersionDate "2018.10.10"]
[SourceQuality "1"]

1. d4 d5 2. Nf3 Nf6 3. Bf4 c5 4. dxc5 e6 5. e3 Bxc5 6. c4 0-0 7. Nc3 Nc6 8. Be2 b6 9. 0-0 Bb7 10. a3 a5 11. Qb3 Ne7 12. Rfd1 Qc8 13. Rac1 dxc4 14. Bxc4 Ng6 15. Bg3 Bc6 16. Nd4 Rd8 17. Nxe6 Rxd1+ 18. Rxd1 Be7 19. Ng5 Qb7 20. Bxf7+ Kh8 21. Be6 Rf8 22. Nf7+ Rxf7 23. Bxf7 Bxg2 24. Bd5 Nxd5 25. Nxd5 Bf3 26. Nxe7 Qxe7 27. Rd6 Qc7 28. Qc3 Qf7 29. Rd8+ Nf8 30. Qd3 Qf6 31. Bh4 Qf7 32. Qd6 Kg8 33. Be7 1-0

[Event "Hvar op U15"]
[Site "Hvar"]
[Date "2017.09.30"]
[Round "3"]
[White "Jankovic, Antonio"]
[Black "Mijic, Karlo"]
[Result "1-0"]
[WhiteElo "1630"]
[BlackElo "1396"]
[PlyCount "45"]
[EventDate "2017.09.29"]
[EventType "swiss"]
[EventRounds "5"]
[EventCountry "CRO"]
[SourceTitle "EXT 2019"]
[Source "ChessBase"]
[SourceDate "2018.10.10"]
[SourceVersion "1"]
[SourceVersionDate "2018.10.10"]
[SourceQuality "1"]

1. e4 e5 2. Nf3 Nc6 3. Bc4 Bc5 4. b4 Bxb4 5. c3 Ba5 6. d4 exd4 7. 0-0 h6 8. cxd4 d6 9. Qb3 Qe7 10. d5 Ne5 11. Nxe5 dxe5 12. Qb5+ Bd7 13. Qxa5 Qd6 14. Bb5 c6 15. Ba3 Qg6 16. Qb4 Kd8 17. dxc6 bxc6 18. Qf8+ Kc7 19. Qxa8 Bh3 20. Qxa7+ Kc8 21. Ba6+ Kd8 22. Rd1+ Ke8 23. Qb8+ 1-0

[Event "CRO-ch U15"]
[Site "Trogir"]
[Date "2016.06.22"]
[Round "4"]
[White "Simunic, Krunoslav"]
[Black "Jankovic, Antonio"]
[Result "1-0"]
[WhiteElo "1764"]
[BlackElo "1549"]
[PlyCount "83"]
[EventDate "2016.06.21"]
[EventType "swiss"]
[EventRounds "9"]
[EventCountry "CRO"]
[SourceTitle "EXT 2017"]
[Source "ChessBase"]
[SourceDate "2016.10.25"]
[SourceVersion "1"]
[SourceVersionDate "2016.10.25"]
[SourceQuality "1"]

1. d4 e6 2. c4 Nf6 3. Nc3 Be7 4. Bg5 0-0 5. Nf3 d5 6. e3 Nc6 7. a3 b6 8. cxd5 Nxd5 9. Bxe7 Qxe7 10. Rc1 Nxc3 11. Rxc3 Bb7 12. Qc2 Rac8 13. Rxc6 Bxc6 14. Qxc6 Rfe8 15. Ba6 Rcd8 16. 0-0 Rd6 17. Qc3 Qd7 18. Rc1 c5 19. Qb3 Rd8 20. g3 h6 21. Qb5 Qxb5 22. Bxb5 Rb8 23. Be2 Rc6 24. b4 c4 25. b5 Rc7 26. Ne5 a6 27. bxa6 b5 28. Bf3 f6 29. a7 Ra8 30. Bxa8 Rxa7 31. Bc6 fxe5 32. Bxb5 exd4 33. exd4 Kf8 34. a4 Ke7 35. Rxc4 Ra5 36. Rc7+ Kf6 37. Kg2 g5 38. f4 gxf4 39. gxf4 Kf5 40. Kf3 h5 41. Rc5+ Kf6 42. Rxh5 1-0